000 01328nam a2200277 a 4500
001 85281
003 BD-RjUL
005 20250723110147.0
008 250723r20252024bg ||||| |||| 00| 0 ben d
020 _a9789849917076
035 _a(BD-RjUL)85281
040 _aBD-RjUL
_beng
_cBD-RjUL
041 _aben
082 _223
_a371.81095492
_bHAC 2025
100 _aহাসানউজ্জামান, আল মাসুদ
_916199
245 _aছাত্র-জনতার অভ্যুত্থান :
_bনতুন পথে বাংলাদেশ /
_cআল মাসুদ হাসানউজ্জামান রচিত
260 _aঢাকা :
_bপ্রথমা প্রকাশন,
_c২০২৪, ২০২৫
300 _a১৭৫ পৃ.;
_c২২ সেমি.
650 _aছাত্র আন্দোলন
_yজুলাই, ২০২৪
_zবাংলাদেশ
_916130
650 _aStudent movements
_yJuly, 2024
_zBangladesh
_916131
650 _aগণঅভ্যুত্থান
_y২০২৪
_zবাংলাদেশ
_916200
650 _aMass Uprising
_y2024
_zBangladesh
_916201
650 _aরাজনৈতিক অভ্যুত্থান
_zবাংলাদেশ
_916202
650 _aPolitical Uprisings
_zBangladesh
_916203
942 _2ddc
_cBK
999 _c85281
_d85281